Los modelos sociales autonómicos en el contexto español / (Record no. 192764)

MARC details
000 -LEADER
campo de control de longitud fija 01565nam a2200385 i 4500
001 - NÚMERO DE CONTROL
campo de control 192764
003 - IDENTIFICADOR DE NÚMERO DE CONTROL
campo de control SpMaBN
005 - FECHA Y HORA DE LA ÚLTIMA TRANSACCIÓN
campo de control 20240307062951.0
008 - DATOS DE LONGITUD FIJA--INFORMACIÓN GENERAL
campo de control de longitud fija 230521s2019 sp a | ||||o000 0 spa
017 ## - NÚMERO DE COPYRIGHT O DE DEPÓSITO LEGAL
Número de copyright o de depósito legal M 41856-2018
Agencia que asigna Oficina Depósito Legal Madrid
020 ## - NÚMERO INTERNACIONAL ESTÁNDAR DEL LIBRO
Número Internacional Estándar del Libro 9788481883817
035 ## - NÚMERO DE CONTROL DEL SISTEMA
Número de control de sistema (OCoLC)1099461517
040 ## - FUENTE DE CATALOGACIÓN
Centro catalogador/agencia de origen SpMaBN
Lengua de catalogación spa
Centro/agencia transcriptor ES-MaACL
Normas de descripción rda
080 ## - NÚMERO DE LA CLASIFICACIÓN DECIMAL UNIVERSAL
Número de la Clasificación Decimal Universal 351.83/.84(460-32)
245 04 - MENCIÓN DEL TÍTULO
Título Los modelos sociales autonómicos en el contexto español /
Mención de responsabilidad, etc. Manuel Hernández Pedreño, director de la investigación ; María Dolores Abellán Giménez ... [et al.]
250 ## - MENCION DE EDICION
Mención de edición Primera edición, febrero de 2019
264 #1 - PRODUCCIÓN, PUBLICACIÓN, DISTRIBUCIÓN, FABRICACIÓN Y COPYRIGHT
Producción, publicación, distribución, fabricación y copyright Madrid :
Nombre del de productor, editor, distribuidor, fabricante Consejo Económico y Social España,
Fecha de producción, publicación, distribución, fabricación o copyright 2019
300 ## - DESCRIPCIÓN FÍSICA
Extensión 480 páginas :
Otras características físicas gráficos (blanco y negro) ;
Dimensiones 24 cm
336 ## - TIPO DE CONTENIDO
Término de tipo de contenido Texto
Fuente rdacontent
337 ## - TIPO DE MEDIO
Nombre/término del tipo de medio sin mediación
Fuente rdamedia
338 ## - TIPO DE SOPORTE
Nombre/término del tipo de soporte volumen
Fuente rdacarrier
490 1# - MENCIÓN DE SERIE
Mención de serie Estudios (CES) ;
Designación de volumen o secuencia 235
500 ## - NOTA GENERAL
Nota general Índice
504 ## - NOTA DE BIBLIOGRAFÍA, ETC.
Nota de bibliografía, etc. Bibliografía: páginas [451]-459
586 ## - NOTA DE PREMIOS
Nota de premios Premio de Investigación del Consejo Económico y Social, 2015
651 #4 - PUNTO DE ACCESO ADICIONAL DE MATERIA--NOMBRE GEOGRÁFICO
Nombre geográfico España-
Subdivisión general Comunidades autónomas-
-- Política social
Fuente del encabezamiento o término embne
9 (RLIN) 193756
700 1# - ENTRADA AGREGADA--NOMBRE PERSONAL
Nombre de persona Hernández Pedreño, Manuel
Término indicativo de función/relación Director de publicación
9 (RLIN) 193755
700 ## - ENTRADA AGREGADA--NOMBRE PERSONAL
Nombre de persona Abellán Giménez, María Dolores
Término indicativo de función/relación Autor
9 (RLIN) 193757
710 2# - ENTRADA AGREGADA--NOMBRE DE ENTIDAD CORPORATIVA
9 (RLIN) 3208
Nombre de entidad corporativa o nombre de jurisdicción como elemento de entrada Consejo Económico y Social (España)
Término indicativo de función/relación Editor
830 ## - PUNTO DE ACCESO ADICIONAL DE SERIE-TÍTULO UNIFORME
Título uniforme Estudios (CES) ;
Designación de volumen o secuencia 235
9 (RLIN) 235475
852 ## - LOCALIZACIÓN
Ubicación Es-MaACL
Sublocalización o colección R.153271
Ubicación en estantería Depósito J
Donativo/Legado Donación: Editorial
Número de control de estantería N-8398
itemnumber 200063
942 ## - ELEMENTOS DE ENTRADA SECUNDARIOS (KOHA)
Tipo de ítem Koha Libro impreso
Suprimir en OPAC No
Holdings
Estatus retirado Estado de pérdida Fuente del sistema de clasificación o colocación Estado de daño No para préstamo Biblioteca de origen Biblioteca actual Ubicación en estantería Fecha de adquisición Fuente de adquisición Total de préstamos Signatura topográfica completa Código de barras Visto por última vez Tipo de ítem Koha
    Clasificación decimal universal     Biblioteca del Ateneo de Madrid Biblioteca del Ateneo de Madrid Depósito J 25/02/2022 Donación   N-8398 101205338 21/05/2023 Libro impreso